[Event "Politiken Cup"]
[Site "Copenhagen"]
[Date "2006.07.30"]
[Round "9.64"]
[White "Bering, Anders"]
[Black "Omarsson, Dadi"]
[Result "1/2-1/2"]
[WhiteElo "2046"]
[BlackElo "1830"]
[PlyCount "95"]
[EventDate "2006.??.??"]

1. e4 c5 2. Nf3 d6 3. d4 cxd4 4. Qxd4 Nc6 5. Bb5 Bd7 6. Bxc6 Bxc6 7. c4 Nf6 8.
Nc3 g6 9. O-O Bg7 10. Qd3 O-O 11. Nd4 Rc8 12. b3 Nd7 13. Bb2 a6 14. Rae1 Nc5
15. Qd2 Qa5 16. Re2 Rfe8 17. f4 b5 18. Nxc6 Rxc6 19. cxb5 axb5 20. Qe3 Nxb3 21.
Nxb5 Qxb5 22. Bxg7 Kxg7 23. axb3 Rb8 24. Rf3 Rbc8 25. f5 Qb4 26. fxg6 hxg6 27.
Rh3 Qb6 28. Qxb6 Rxb6 29. Rd3 Kf6 30. Kf2 e6 31. Rxd6 Rxb3 32. Rd7 Rbc3 33. e5+
Kg7 34. Re3 Rxe3 35. Kxe3 Rc5 36. Ke4 Rc2 37. Kf3 Rc5 38. Ke4 g5 39. Rd3 Kg6
40. Rf3 Rc2 41. Rf6+ Kg7 42. Kf3 g4+ 43. Kg3 Re2 44. Rf4 Rxe5 45. Kxg4 Kg6 46.
h4 f6 47. Kf3 Re1 48. Kf2 1/2-1/2

[Event "Politiken Cup"]
[Site "Copenhagen"]
[Date "2006.07.30"]
[Round "9.65"]
[White "Marcussen, Claus"]
[Black "Schmidt, Horst Hubert"]
[Result "0-1"]
[WhiteElo "1985"]
[BlackElo "2042"]
[PlyCount "50"]
[EventDate "2006.??.??"]

1. f4 d5 2. Nf3 Nf6 3. e3 Bg4 4. d4 e6 5. Bd3 c5 6. c3 cxd4 7. exd4 Bd6 8. O-O
Qc7 9. Qa4+ Nfd7 10. Ne5 Bh5 11. Nd2 O-O 12. Ndf3 f6 13. Nxd7 Nxd7 14. Qc2 h6
15. Kh1 e5 16. fxe5 fxe5 17. dxe5 Nxe5 18. Nxe5 Rxf1+ 19. Bxf1 Bxe5 20. g3 Bxg3
21. Qg2 Qf7 22. Be2 Bxe2 23. Qxe2 Re8 24. Be3 Bf4 25. Re1 Rxe3 0-1

[Event "Politiken Cup"]
[Site "Copenhagen"]
[Date "2006.07.30"]
[Round "9.66"]
[White "Wurtz, Jacob"]
[Black "Holstein, Erik"]
[Result "0-1"]
[WhiteElo "2001"]
[BlackElo "2105"]
[PlyCount "82"]
[EventDate "2006.??.??"]

1. d4 f5 2. g3 g6 3. Bg2 Nf6 4. c4 Bg7 5. Nc3 d6 6. Nf3 O-O 7. O-O Nc6 8. d5
Ne5 9. Qb3 Nxf3+ 10. Bxf3 Nd7 11. Bg2 Nc5 12. Qc2 e5 13. dxe6 Nxe6 14. Nd5 c6
15. Nf4 Qe7 16. Be3 Nxf4 17. gxf4 Rd8 18. Rfd1 Be6 19. Qb3 Qf7 20. Rac1 a6 21.
Bb6 Rd7 22. Rd2 Re8 23. e3 Bf6 24. Qb4 Be7 25. Qb3 Bf8 26. a3 h6 27. Qa2 g5 28.
fxg5 hxg5 29. f4 Qh5 30. b3 g4 31. Bh1 Rg7 32. Bd4 Rg6 33. Rg2 Re7 34. Re1 Rh7
35. Qf2 Be7 36. e4 Bh4 37. Rg3 Bxg3 38. Qxg3 Rgh6 39. exf5 Bxf5 40. Re2 Qh3 41.
Qe1 Re6 0-1

[Event "Politiken Cup"]
[Site "Copenhagen"]
[Date "2006.07.30"]
[Round "9.67"]
[White "Marshall, Michael"]
[Black "Sending, Stale"]
[Result "1/2-1/2"]
[WhiteElo "1961"]
[BlackElo "2035"]
[PlyCount "30"]
[EventDate "2006.??.??"]

1. d4 Nf6 2. Nf3 e6 3. e3 d5 4. Bd3 Nbd7 5. b3 b6 6. Bb2 Bb7 7. Nbd2 c5 8. O-O
Be7 9. Ne5 O-O 10. Qf3 Qc7 11. Qh3 Ne4 12. f3 Ng5 13. Qh5 f5 14. f4 Nxe5 15.
fxe5 Ne4 1/2-1/2

[Event "Politiken Cup"]
[Site "Copenhagen"]
[Date "2006.07.30"]
[Round "9.68"]
[White "Ertbjerg, Andreas Lund"]
[Black "Andersen, Dag"]
[Result "0-1"]
[WhiteElo "2034"]
[BlackElo "1910"]
[PlyCount "106"]
[EventDate "2006.??.??"]

1. e4 e6 2. d4 d5 3. Nc3 Bb4 4. e5 c5 5. a3 Bxc3+ 6. bxc3 Ne7 7. Qg4 O-O 8. Bd3
f5 9. exf6 Rxf6 10. Bg5 Rf7 11. Qh4 g6 12. Nf3 Nbc6 13. O-O c4 14. Be2 Qf8 15.
Bh6 Nf5 16. Bxf8 Nxh4 17. Nxh4 Kxf8 18. f4 Kg7 19. g3 Rb8 20. Bg4 b5 21. Rfe1
Re7 22. Re2 a5 23. Rae1 Kf6 24. Bh3 b4 25. axb4 axb4 26. cxb4 Rxb4 27. c3 Rb3
28. Re3 Nd8 29. f5 g5 30. Nf3 h5 31. Nd2 Rb2 32. R1e2 Rb6 33. Bg2 Ra7 34. fxe6
Bxe6 35. Rf2+ Kg6 36. Rf8 Ra1+ 37. Kf2 Nf7 38. Rxe6+ Rxe6 39. Bxd5 Rf6+ 40. Ke2
Nd6 41. Rxf6+ Kxf6 42. Nxc4 Nxc4 43. Bxc4 Rh1 44. Bd5 Rxh2+ 45. Kf3 Rc2 46. c4
Rc3+ 47. Ke2 Rxg3 48. c5 Ra3 49. c6 Ke7 50. Bg8 h4 51. d5 Kd6 52. Be6 Rc3 53.
Bf5 Kxd5 0-1

[Event "Politiken Cup"]
[Site "Copenhagen"]
[Date "2006.07.30"]
[Round "9.70"]
[White "Frisk, Hans"]
[Black "Hansen, Johny"]
[Result "1/2-1/2"]
[WhiteElo "2032"]
[BlackElo "1494"]
[PlyCount "104"]
[EventDate "2006.??.??"]

1. e4 c5 2. Nf3 Nc6 3. d4 cxd4 4. Nxd4 g6 5. Nc3 a6 6. Be3 Bg7 7. Bc4 Nf6 8.
Bb3 O-O 9. O-O d6 10. h3 Bd7 11. f4 Qa5 12. Qf3 Nxd4 13. Bxd4 Bc6 14. Nd5 Nxd5
15. Bxg7 Kxg7 16. exd5 Qc5+ 17. Kh1 Bb5 18. c4 Bd7 19. Rae1 Rae8 20. Qc3+ Kg8
21. Re3 e6 22. Rfe1 exd5 23. cxd5 Qxc3 24. bxc3 Rxe3 25. Rxe3 Re8 26. Rxe8+
Bxe8 27. g4 Kf8 28. Kg2 Ke7 29. Kf3 Bd7 30. h4 a5 31. a3 f5 32. g5 Kd8 33. Ke3
b5 34. Kd4 Kc7 35. Bc2 Kb6 36. Bd3 a4 37. c4 bxc4 38. Bxc4 Be8 39. Bd3 Bd7 40.
Be2 Be8 41. Bd1 Kb5 42. Be2+ Kb6 43. Bf1 Bd7 44. Bh3 Kb5 45. Bf1+ Kb6 46. Bd3
Be8 47. h5 Bd7 48. h6 Be8 49. Bc2 Bd7 50. Kc4 Ka5 51. Bd1 Be8 52. Kd4 Kb6
1/2-1/2

[Event "Politiken Cup"]
[Site "Copenhagen"]
[Date "2006.07.30"]
[Round "9.71"]
[White "Kirkegaard, Niels"]
[Black "Holmen, Per Inge"]
[Result "1-0"]
[WhiteElo "2029"]
[BlackElo "1620"]
[PlyCount "139"]
[EventDate "2006.??.??"]

1. e4 d5 2. exd5 Qxd5 3. Nc3 Qa5 4. d4 Nf6 5. Bc4 Bg4 6. f3 Bh5 7. g4 Bg6 8.
Bd2 Qb6 9. Be3 e6 10. Qd2 Nbd7 11. d5 Bc5 12. Bxc5 Qxc5 13. dxe6 Qxc4 14. exd7+
Nxd7 15. Qe3+ Qe6 16. Qxe6+ fxe6 17. O-O-O O-O-O 18. Nge2 e5 19. Nd5 Rde8 20.
Ng3 Rhf8 21. Rhf1 Bf7 22. h4 Be6 23. b3 h6 24. Ne3 Rf7 25. Nef5 Bxf5 26. Nxf5
h5 27. Ng3 Ref8 28. Nxh5 g6 29. Ng3 Rxf3 30. Rxf3 Rxf3 31. Rg1 Nc5 32. h5 gxh5
33. gxh5 Ne6 34. h6 Ng5 35. Ne4 Nxe4 36. h7 Rh3 37. Rg8+ Kd7 38. h8=Q Rxh8 39.
Rxh8 Nf6 40. Kd2 a5 41. Kd3 Kd6 42. Rh6 Ke7 43. Kc4 c6 44. a4 Nd7 45. Rh8 Kd6
46. Re8 Nb6+ 47. Kd3 Nd7 48. Ra8 b6 49. Rc8 Nc5+ 50. Ke3 Kd7 51. Rh8 Kd6 52.
Rh6+ Kd7 53. Kd2 Kc7 54. Kc3 Ne4+ 55. Kd3 Nc5+ 56. Kc4 Kd7 57. c3 Kc7 58. Rg6
Kd7 59. b4 Nxa4 60. Kb3 b5 61. bxa5 Nc5+ 62. Kb4 Na6+ 63. Ka3 Nc5 64. c4 bxc4
65. Kb4 Na6+ 66. Kxc4 Nc7 67. Kc5 Na6+ 68. Kb6 Nb4 69. a6 Nd5+ 70. Kb7 1-0

[Event "Politiken Cup"]
[Site "Copenhagen"]
[Date "2006.07.30"]
[Round "9.72"]
[White "Havik, Victor"]
[Black "Pedersen, Audun"]
[Result "1/2-1/2"]
[WhiteElo "1754"]
[BlackElo "2028"]
[PlyCount "38"]
[EventDate "2006.??.??"]

1. e4 e6 2. d3 d5 3. Nd2 Nf6 4. Qe2 c5 5. g3 Nc6 6. Ngf3 Be7 7. Bg2 O-O 8. O-O
b5 9. Re1 a5 10. h4 Ba6 11. e5 Nd7 12. Nf1 b4 13. N1h2 c4 14. d4 c3 15. Qd1
cxb2 16. Bxb2 Nb6 17. Bc1 Rc8 18. Bh3 Qc7 19. Bg5 Nc4 1/2-1/2

[Event "Politiken Cup"]
[Site "Copenhagen"]
[Date "2006.07.30"]
[Round "9.73"]
[White "Almer, Julia"]
[Black "De Boer, Albert"]
[Result "1/2-1/2"]
[WhiteElo "1900"]
[BlackElo "2180"]
[PlyCount "55"]
[EventDate "2006.??.??"]

1. e4 e6 2. d4 d5 3. Nd2 Nf6 4. e5 Nfd7 5. Bd3 c5 6. c3 Nc6 7. Ne2 cxd4 8. cxd4
f6 9. exf6 Nxf6 10. O-O Bd6 11. Nf3 Qc7 12. Bg5 O-O 13. Bh4 e5 14. dxe5 Nxe5
15. Nxe5 Bxe5 16. Bg3 Bd7 17. Rc1 Qd6 18. Qd2 Bc6 19. Qg5 Bxg3 20. Nxg3 Ne4 21.
Bxe4 dxe4 22. Nf5 Qd7 23. Ne7+ Kh8 24. Nxc6 bxc6 25. Rc3 Rad8 26. Qe3 Qd2 27.
Qxa7 Qxb2 28. Rxc6 1/2-1/2

[Event "Politiken Cup"]
[Site "Copenhagen"]
[Date "2006.07.30"]
[Round "9.75"]
[White "Sonderby, Anders"]
[Black "Thomassen, Thomas"]
[Result "0-1"]
[WhiteElo "1926"]
[BlackElo "2079"]
[PlyCount "104"]
[EventDate "2006.??.??"]

1. d4 d5 2. Nf3 Nf6 3. c4 c6 4. Nc3 e6 5. Bg5 h6 6. Bxf6 Qxf6 7. e3 Nd7 8. Bd3
g6 9. O-O Bg7 10. Qe2 O-O 11. cxd5 exd5 12. a4 Qd6 13. Rab1 Qb4 14. Rfe1 Re8
15. Qc2 Nf8 16. h3 Bd7 17. Ne2 c5 18. Qxc5 Qxc5 19. dxc5 Bxa4 20. b3 Bc6 21. b4
Ne6 22. Rec1 a6 23. Ned4 Nxd4 24. Nxd4 Bxd4 25. exd4 Bb5 26. Rb3 Bxd3 27. Rxd3
Re2 28. b5 axb5 29. Rb1 Ra5 30. Kf1 Rc2 31. g4 Rc4 32. Ke2 b4 33. Ke3 Kf8 34.
Rdb3 Ra4 35. Kd3 Ke7 36. f4 f5 37. gxf5 gxf5 38. h4 Kd7 39. R1b2 Kc6 40. Rg2
Ra3 41. Rg6+ Kc7 42. Rg7+ Kb8 43. Rxa3 bxa3 44. Rg2 Ra4 45. Ra2 Kc7 46. h5 Kc6
47. Kc3 Kb5 48. Ra1 a2 49. Kb3 Ra6 50. Kc3 Ra3+ 51. Kb2 Kb4 52. Kc2 Kc4 0-1

[Event "Politiken Cup"]
[Site "Copenhagen"]
[Date "2006.07.30"]
[Round "9.76"]
[White "Andersen, Harry"]
[Black "Werner, Gert"]
[Result "1-0"]
[WhiteElo "1891"]
[BlackElo "2069"]
[PlyCount "63"]
[EventDate "2006.??.??"]

1. e4 g6 2. d4 Bg7 3. Nf3 c6 4. Bd3 d5 5. exd5 cxd5 6. c3 Nf6 7. h3 O-O 8. O-O
Nc6 9. Be3 Nh5 10. Re1 Qc7 11. Na3 a6 12. Rc1 e5 13. dxe5 Nxe5 14. Bb1 Nxf3+
15. Qxf3 Be6 16. Nc2 Rfe8 17. Rcd1 Qc4 18. Bg5 h6 19. g4 hxg5 20. gxh5 g4 21.
Qg3 f5 22. hxg6 gxh3 23. Nd4 Bxd4 24. Rxd4 Qc6 25. Qxh3 Kg7 26. Bxf5 Rh8 27.
Rxe6 Rxh3 28. Rxc6 bxc6 29. Bxh3 Kxg6 30. Bd7 Rb8 31. Bxc6 Rxb2 32. Bxd5 1-0

[Event "Politiken Cup"]
[Site "Copenhagen"]
[Date "2006.07.30"]
[Round "9.77"]
[White "Nielsen, Palle"]
[Black "Di Paolo, Marco"]
[Result "1/2-1/2"]
[WhiteElo "1873"]
[BlackElo "2060"]
[PlyCount "49"]
[EventDate "2006.??.??"]

1. e4 e6 2. b3 d5 3. exd5 exd5 4. Bb2 Be6 5. g3 Nf6 6. d3 Be7 7. Bh3 Bb4+ 8. c3
Qe7 9. Bxe6 Qxe6+ 10. Qe2 Bd6 11. Qxe6+ fxe6 12. f4 e5 13. fxe5 Bxe5 14. Nf3
Nbd7 15. Nbd2 O-O-O 16. O-O-O Rhf8 17. Rde1 Bd6 18. Nd4 Ne5 19. Kc2 Rfe8 20.
Rhf1 c5 21. Nf5 Bf8 22. d4 cxd4 23. Nxd4 Kd7 24. h3 a6 25. g4 1/2-1/2

[Event "Politiken Cup"]
[Site "Copenhagen"]
[Date "2006.07.30"]
[Round "9.78"]
[White "Berstad, Joerund"]
[Black "Rosenkilde, Alexander"]
[Result "0-1"]
[WhiteElo "1883"]
[BlackElo "2054"]
[PlyCount "80"]
[EventDate "2006.??.??"]

1. e4 c5 2. Nf3 Nc6 3. d4 cxd4 4. Nxd4 Nf6 5. Nc3 e5 6. Ndb5 d6 7. Bg5 a6 8.
Na3 b5 9. Nd5 Be7 10. Bxf6 Bxf6 11. c3 O-O 12. Nc2 Bg5 13. a4 bxa4 14. Rxa4 a5
15. Bc4 Bd7 16. Ra2 Kh8 17. h4 Bh6 18. g4 Bf4 19. Qf3 Be6 20. b3 Rb8 21. Kf1 a4
22. Rxa4 Na5 23. Nxf4 Nxc4 24. bxc4 Qd7 25. Rb4 Bxg4 26. Qg3 exf4 27. Qxf4 Bh3+
28. Kg1 Be6 29. c5 Rxb4 30. cxb4 dxc5 31. Kg2 Qd3 32. Rc1 cxb4 33. Nxb4 Qh3+
34. Kg1 Qa3 35. Nd5 f5 36. Rc7 Qa1+ 37. Kg2 Qd4 38. Ne3 Kg8 39. Kg3 fxe4 40.
Qg5 Qd6+ 0-1

[Event "Politiken Cup"]
[Site "Copenhagen"]
[Date "2006.07.30"]
[Round "9.79"]
[White "Lindström, Per-Ove"]
[Black "Haugstad, Espen"]
[Result "0-1"]
[WhiteElo "1858"]
[BlackElo "2046"]
[PlyCount "74"]
[EventDate "2006.??.??"]

1. d4 Nf6 2. c4 g6 3. g3 Bg7 4. Bg2 d5 5. cxd5 Nxd5 6. e4 Nb6 7. Ne2 e5 8. d5
c6 9. Nbc3 O-O 10. O-O Na6 11. dxc6 bxc6 12. b3 Qe7 13. Be3 Rd8 14. Qc1 Nc7 15.
Rd1 Ba6 16. Qc2 Ne6 17. Rxd8+ Rxd8 18. a3 Nd4 19. Qb2 Nd7 20. Re1 Nc5 21. Nc1
Ncxb3 22. Nxb3 Rb8 23. Bxd4 exd4 24. Nb1 c5 25. e5 c4 26. Qxd4 cxb3 27. f4 Bc8
28. Qa4 Qc5+ 29. Kh1 Bf5 30. h3 Bf8 31. g4 Bc2 32. e6 fxe6 33. Rxe6 Bxb1 34.
Re5 Qc7 35. Bd5+ Kh8 36. Bxb3 Qc1+ 37. Kg2 Qb2+ 0-1

[Event "Politiken Cup"]
[Site "Copenhagen"]
[Date "2006.07.30"]
[Round "9.80"]
[White "Lie, Terje"]
[Black "Danielsson, Robert"]
[Result "0-1"]
[WhiteElo "1842"]
[BlackElo "2037"]
[PlyCount "106"]
[EventDate "2006.??.??"]

1. d4 Nf6 2. c4 g6 3. Nc3 d5 4. cxd5 Nxd5 5. e4 Nxc3 6. bxc3 Bg7 7. Bc4 c5 8.
Be3 Nc6 9. Ne2 O-O 10. O-O Bd7 11. Qd2 Rc8 12. Bb3 cxd4 13. cxd4 Qa5 14. Rad1
e6 15. Rc1 Qxd2 16. Bxd2 Nxd4 17. Nxd4 Bxd4 18. Bh6 Bg7 19. Be3 a6 20. Rfd1
Rxc1 21. Bxc1 Bc6 22. f3 h5 23. Kf2 Bf6 24. Be3 Rd8 25. Rc1 Bd4 26. Rc2 Kf8 27.
Rc4 Bxe3+ 28. Kxe3 e5 29. h4 Ke7 30. Rc2 f6 31. Rc3 Rd6 32. Rc2 b5 33. Rc5 a5
34. Bd5 Bxd5 35. exd5 Rb6 36. Rc8 Kd6 37. Rd8+ Kc5 38. Ke4 b4 39. Ra8 Kb5 40.
Rg8 a4 41. Rc8 b3 42. axb3 a3 43. Kd3 a2 44. Rc1 Kb4 45. Kc2 Ka3 46. Kd3 Rxb3+
47. Kc4 Rb1 48. Rc3+ Ka4 49. Kc5 a1=Q 50. Rc4+ Ka5 51. Kc6 Rb6+ 52. Kd7 Kb5 53.
Rb4+ Kxb4 0-1

[Event "Politiken Cup"]
[Site "Copenhagen"]
[Date "2006.07.30"]
[Round "9.81"]
[White "Masters, Andrew D"]
[Black "Jensen, Soren"]
[Result "1/2-1/2"]
[WhiteElo "1764"]
[BlackElo "2028"]
[PlyCount "80"]
[EventDate "2006.??.??"]

1. d4 Nf6 2. Nf3 e6 3. c4 b6 4. Bg5 Bb7 5. Nc3 h6 6. Bd2 c5 7. e3 cxd4 8. exd4
d5 9. cxd5 Nxd5 10. Bb5+ Bc6 11. Ne5 Bxb5 12. Nxb5 Nd7 13. Nc6 Qh4 14. O-O a6
15. Nc3 N7f6 16. Ne5 Nxc3 17. bxc3 Bd6 18. Rb1 Bc7 19. Qa4+ b5 20. Rxb5 O-O 21.
Rb4 Bd6 22. Rc4 Nd5 23. Nf3 Qd8 24. Rc6 Nb6 25. Qa5 Bc7 26. Bf4 Bxf4 27. Qxb6
Qxb6 28. Rxb6 Rfc8 29. Rb3 Rc4 30. g3 Bd6 31. Rc1 Rac8 32. Nd2 Rxd4 33. Rd1 Ra4
34. Nb1 Be5 35. a3 Rac4 36. Rd3 a5 37. Rb5 Bxc3 38. Nxc3 Rxc3 39. Rxc3 Rxc3 40.
Rxa5 Kf8 1/2-1/2

[Event "Politiken Cup"]
[Site "Copenhagen"]
[Date "2006.07.30"]
[Round "9.82"]
[White "Larsen, Lars Møller"]
[Black "Tandrup, Michael"]
[Result "0-1"]
[WhiteElo "1737"]
[BlackElo "2028"]
[PlyCount "82"]
[EventDate "2006.??.??"]

1. e4 c5 2. c3 d5 3. exd5 Qxd5 4. Na3 Nf6 5. Nf3 Bg4 6. Bc4 Qe4+ 7. Kf1 Bxf3 8.
gxf3 Qf5 9. Qb3 Qxf3 10. Bxf7+ Kd8 11. Rg1 Ne4 12. Rg2 Nd7 13. Bc4 Nd6 14. Be2
Qc6 15. d4 g6 16. Bf4 Bg7 17. Rd1 Rf8 18. dxc5 Rxf4 19. cxd6 exd6 20. Qg8+ Bf8
21. Qxh7 Ne5 22. Qh8 Kc7 23. Nb5+ Kb6 24. Qh3 Qe4 25. Nxd6 Bxd6 26. Rxd6+ Kc7
27. Qe6 Raf8 28. Qd5 Qe3 29. Ke1 Rxf2 30. Rxf2 Rxf2 31. Rd7+ Nxd7 32. Qc4+ Kd8
33. Kd1 Qxe2+ 34. Qxe2 Rxe2 35. Kxe2 Ke7 36. Kf3 Nc5 37. Kf4 Nd3+ 38. Ke4 Nxb2
39. Kd5 Kf6 40. c4 g5 41. Kd6 Nxc4+ 0-1

[Event "Politiken Cup"]
[Site "Copenhagen"]
[Date "2006.07.30"]
[Round "9.83"]
[White "Sørensen, Jens"]
[Black "Bergvoll, Mats"]
[Result "0-1"]
[WhiteElo "1681"]
[BlackElo "2003"]
[PlyCount "62"]
[EventDate "2006.??.??"]

1. d4 Nf6 2. c4 e6 3. Nc3 Bb4 4. Qc2 O-O 5. a3 Bxc3+ 6. Qxc3 b6 7. Bg5 Bb7 8.
Nf3 d6 9. e3 Nbd7 10. Be2 Rc8 11. Rd1 Qe8 12. Qc2 Ne4 13. O-O c5 14. d5 exd5
15. cxd5 Nxg5 16. Nxg5 Nf6 17. Bf3 Qe5 18. Ne4 Nxd5 19. Nxd6 Qxd6 20. e4 Qg6
21. Qa4 Nf4 22. g3 a6 23. Kh1 Ne6 24. Rd6 Qf6 25. Bg2 Qxb2 26. Kg1 b5 27. Qd1
Rfd8 28. Bh3 Nd4 29. Bxc8 Rxd6 30. Qg4 h5 31. Qf5 Nxf5 0-1

[Event "Politiken Cup"]
[Site "Copenhagen"]
[Date "2006.07.30"]
[Round "9.84"]
[White "Svanholm, Borge Waaktaar"]
[Black "Reppen, Ellisiv"]
[Result "1/2-1/2"]
[WhiteElo "1978"]
[BlackElo "1890"]
[PlyCount "45"]
[EventDate "2006.??.??"]

1. c4 e5 2. g3 Nf6 3. Bg2 Be7 4. Nc3 O-O 5. Nf3 d6 6. d4 Nbd7 7. O-O h6 8. h3
Re8 9. e4 c6 10. Re1 Qc7 11. b3 Nf8 12. Bb2 Ng6 13. Rc1 a6 14. Qd2 c5 15. dxe5
dxe5 16. Nd5 Nxd5 17. exd5 Bd6 18. Qc2 Bd7 19. Nd2 f5 20. Re2 Re7 21. Rce1 Rae8
22. Nf1 b5 23. Bc1 1/2-1/2

[Event "Politiken Cup"]
[Site "Copenhagen"]
[Date "2006.07.30"]
[Round "9.85"]
[White "Ulvnes, Roar"]
[Black "Rasmussen, Morten"]
[Result "1-0"]
[WhiteElo "1659"]
[BlackElo "1976"]
[PlyCount "59"]
[EventDate "2006.??.??"]

1. e4 e5 2. Nf3 Nf6 3. Nxe5 d6 4. Nf3 Nxe4 5. d4 d5 6. Bd3 Nc6 7. Qe2 Qe7 8.
Nbd2 Bf5 9. O-O Nxd2 10. Qxd2 Bxd3 11. Qxd3 O-O-O 12. Be3 f6 13. a3 Qd7 14. b4
Bd6 15. Rfc1 g5 16. c4 dxc4 17. Rxc4 Ne7 18. d5 Nxd5 19. Bxa7 Nxb4 20. Qb3 Nc6
21. Ra4 Rde8 22. Be3 Nb8 23. Ra7 c6 24. Rb1 Re7 25. Nd2 Qc7 26. Bb6 Qd7 27. Nc4
Bc7 28. Bc5 Re4 29. Rd1 Qe6 30. Qxb7# 1-0

[Event "Politiken Cup"]
[Site "Copenhagen"]
[Date "2006.07.30"]
[Round "9.86"]
[White "Thingstad, Anders"]
[Black "Jacobsen, Per"]
[Result "1-0"]
[WhiteElo "1301"]
[BlackElo "1508"]
[PlyCount "57"]
[EventDate "2006.??.??"]

1. d4 Nf6 2. Nf3 g6 3. c4 d5 4. cxd5 Nxd5 5. e4 Nb6 6. Nc3 Bg7 7. Bb5+ c6 8.
Be2 Bg4 9. Be3 Bxf3 10. Bxf3 Nc4 11. Qb3 Nxe3 12. fxe3 Qc7 13. O-O O-O 14. Rac1
Qd7 15. Na4 Na6 16. Be2 b5 17. Nc5 Nxc5 18. Rxc5 Bxd4 19. Rd1 Bxe3+ 20. Qxe3
Qe6 21. a3 f5 22. Rdc1 Rac8 23. Qc3 Qxe4 24. Bxb5 Rf6 25. Bxc6 Qh4 26. Bd5+ Kg7
27. Rxc8 f4 28. Rg8+ Kh6 29. Qh3 1-0

[Event "Politiken Cup"]
[Site "Copenhagen"]
[Date "2006.07.30"]
[Round "9.87"]
[White "Christensen, Sofus Rønne"]
[Black "Hartsteen, Mark"]
[Result "1/2-1/2"]
[WhiteElo "1652"]
[BlackElo "1973"]
[PlyCount "50"]
[EventDate "2006.??.??"]

1. e4 d6 2. d4 Nf6 3. Nc3 g6 4. Nf3 Bg7 5. Bc4 O-O 6. Bg5 h6 7. Bh4 c6 8. Qd2
Nfd7 9. O-O-O b5 10. Bb3 a5 11. a4 b4 12. Ne2 c5 13. Bd5 Ra7 14. e5 Nb6 15.
dxc5 Nxd5 16. Qxd5 Bb7 17. Qd3 Bxf3 18. gxf3 Bxe5 19. f4 Bg7 20. cxd6 Qxd6 21.
Qxd6 exd6 22. Rxd6 Nd7 23. Rhd1 Nc5 24. f3 Nxa4 25. Bf6 Nc5 1/2-1/2

[Event "Politiken Cup"]
[Site "Copenhagen"]
[Date "2006.07.30"]
[Round "9.88"]
[White "Fjellengen, Bård"]
[Black "Friesen, Bas"]
[Result "1/2-1/2"]
[WhiteElo "1879"]
[BlackElo "1971"]
[PlyCount "20"]
[EventDate "2006.??.??"]

1. f4 d5 2. e3 g6 3. Nf3 Bg7 4. c3 Nf6 5. d4 O-O 6. Bd3 b6 7. O-O Ba6 8. Qe2
Bxd3 9. Qxd3 Qc8 10. Nbd2 Qb7 1/2-1/2

[Event "Politiken Cup"]
[Site "Copenhagen"]
[Date "2006.07.30"]
[Round "9.90"]
[White "Goetzee, Rick"]
[Black "Tjensvoll, Tore"]
[Result "1/2-1/2"]
[WhiteElo "1641"]
[BlackElo "1961"]
[PlyCount "63"]
[EventDate "2006.??.??"]

1. d4 Nf6 2. c4 c5 3. d5 b5 4. Qc2 bxc4 5. e4 g6 6. Bxc4 d6 7. Nc3 Bg7 8. Nf3
O-O 9. O-O Ba6 10. Bxa6 Nxa6 11. Qe2 Nc7 12. Bg5 h6 13. Bh4 Qd7 14. Rfd1 Rfe8
15. h3 Qc8 16. Bg3 Qb7 17. Rd2 Rab8 18. Rad1 Qb4 19. e5 Nh5 20. Bh2 Nf4 21. Qe3
g5 22. Bxf4 gxf4 23. Qe2 Nb5 24. Nxb5 Qxb5 25. Qxb5 Rxb5 26. Re1 Reb8 27. b3
Kf8 28. Re4 Rb4 29. Rde2 a5 30. exd6 exd6 31. Re7 R4b7 32. R7e4 1/2-1/2

[Event "Politiken Cup"]
[Site "Copenhagen"]
[Date "2006.07.30"]
[Round "9.91"]
[White "Bøje, Tobias R"]
[Black "Frank-Nielsen, Marie"]
[Result "1/2-1/2"]
[WhiteElo "1469"]
[BlackElo "1955"]
[PlyCount "46"]
[EventDate "2006.??.??"]

1. e4 c5 2. Nc3 g6 3. g3 Bg7 4. Bg2 e6 5. d3 Ne7 6. Be3 Na6 7. Qd2 O-O 8. Nge2
d5 9. Bh6 d4 10. Bxg7 Kxg7 11. Nd1 e5 12. O-O f5 13. f4 exf4 14. Nxf4 Nc7 15.
c3 fxe4 16. Bxe4 Nf5 17. Rc1 Re8 18. cxd4 Nxd4 19. Qc3 Nce6 20. Nxe6+ Rxe6 21.
Kh1 Re5 22. Ne3 Bh3 23. Rf2 Rc8 1/2-1/2

[Event "Politiken Cup"]
[Site "Copenhagen"]
[Date "2006.07.30"]
[Round "9.92"]
[White "Almasy, Alexander Christian"]
[Black "Saemundsson, Bjarni"]
[Result "0-1"]
[WhiteElo "1426"]
[BlackElo "1945"]
[PlyCount "92"]
[EventDate "2006.??.??"]

1. d4 d5 2. Nf3 Nf6 3. Bf4 e6 4. e3 c5 5. c3 Nc6 6. Nbd2 b6 7. Bd3 Bb7 8. O-O
Bd6 9. Ne5 Qc7 10. Ndf3 Nd7 11. Nxd7 Bxf4 12. exf4 Qxd7 13. Re1 O-O 14. Ne5
Nxe5 15. fxe5 f5 16. f4 Qe7 17. a3 Bc6 18. Re3 Rfc8 19. Rh3 Be8 20. g4 g6 21.
g5 Rc7 22. Re3 a5 23. Qd2 Rac8 24. Ree1 b5 25. Qe2 c4 26. Bc2 Ra7 27. Reb1 b4
28. axb4 axb4 29. Rxa7 Qxa7 30. Qe1 Ra8 31. Qc1 bxc3 32. bxc3 Qa3 33. Bd1 Qxc1
34. Rxc1 Ra2 35. Bf3 Ba4 36. h4 h5 37. Bg2 Kf7 38. Bf3 Ke7 39. Bg2 Bc2 40. Bf3
Kd7 41. Bg2 Kc6 42. Bf3 Kb5 43. Be2 Ka4 44. Bxh5 gxh5 45. g6 Kb3 46. Rxc2 Kxc2
0-1

[Event "Politiken Cup"]
[Site "Copenhagen"]
[Date "2006.07.30"]
[Round "9.93"]
[White "Petersen, Nicolai Kvist Brond"]
[Black "Pieri, Enzo"]
[Result "0-1"]
[WhiteElo "1562"]
[BlackElo "1940"]
[PlyCount "74"]
[EventDate "2006.??.??"]

1. d4 d5 2. Nf3 Nf6 3. Bf4 g6 4. e3 Bg7 5. Bd3 O-O 6. O-O Nbd7 7. Nbd2 c5 8. c3
c4 9. Bc2 b5 10. e4 dxe4 11. Nxe4 Bb7 12. Nfd2 Nd5 13. Bg3 Rc8 14. f4 Ne3 15.
Qc1 Nxf1 16. Qxf1 Nf6 17. Ng5 Nd5 18. Qe2 e6 19. h4 b4 20. h5 bxc3 21. hxg6
hxg6 22. Bxg6 Qf6 23. Bh7+ Kh8 24. Nde4 Qh6 25. Nd6 Bxd4+ 26. Bf2 Bxf2+ 27.
Qxf2 Rc7 28. Nxb7 Rxb7 29. bxc3 Kg7 30. Qg3 Kf6 31. Qf2 Kg7 32. Qg3 Kh8 33. Qf2
f6 34. Nxe6 Rxh7 35. Qg3 Rg8 36. Qf3 Qh1+ 37. Kf2 Qxa1 0-1

[Event "Politiken Cup"]
[Site "Copenhagen"]
[Date "2006.07.30"]
[Round "9.94"]
[White "Martin, Katie"]
[Black "Forsmann, Henning"]
[Result "1-0"]
[WhiteElo "1939"]
[BlackElo "1828"]
[PlyCount "49"]
[EventDate "2006.??.??"]

1. e4 c5 2. Nc3 e6 3. g3 d5 4. exd5 exd5 5. d4 c4 6. Bg2 Be6 7. Nge2 Nf6 8. O-O
Bb4 9. Bg5 O-O 10. Bxf6 gxf6 11. Qd2 Nc6 12. Qh6 Kh8 13. Rad1 Rg8 14. Nf4 Bf8
15. Qh4 Rg5 16. Nxe6 fxe6 17. Rfe1 Qd7 18. f4 Rg6 19. f5 Rh6 20. fxe6 Qd8 21.
Qf4 Ne7 22. Qf3 Qa5 23. Nxd5 Qxa2 24. Nxe7 Qxb2 25. Nf5 1-0

[Event "Politiken Cup"]
[Site "Copenhagen"]
[Date "2006.07.30"]
[Round "9.95"]
[White "Sykes, Chris"]
[Black "Tudvad, Mads"]
[Result "1-0"]
[WhiteElo "1922"]
[BlackElo "1493"]
[PlyCount "97"]
[EventDate "2006.??.??"]

1. d4 Nf6 2. Bf4 d5 3. Nf3 e6 4. e3 c5 5. c3 Qb6 6. Qb3 Qxb3 7. axb3 Nc6 8. Ne5
Be7 9. Na3 O-O 10. Nb5 a6 11. Bd3 Bd7 12. Nxd7 Nxd7 13. Na3 f6 14. Bg3 e5 15.
Bf5 Rad8 16. dxc5 Nxc5 17. b4 Ne4 18. O-O-O Kh8 19. Be6 d4 20. exd4 exd4 21.
Rhe1 Nxc3 22. bxc3 dxc3 23. Nc2 Nxb4 24. Nxb4 Bxb4 25. Rxd8 Rxd8 26. Bd7 Kg8
27. Re8+ Rxe8 28. Bxe8 Bc5 29. Kc2 Bd4 30. f3 Kf8 31. Bd7 b5 32. Bd6+ Kf7 33.
Bb4 h6 34. Bc8 Kg6 35. Bxa6 Kg5 36. Bxc3 Bg1 37. Bd2+ Kh5 38. h3 Bf2 39. Kd1
Kh4 40. Ke2 Kg3 41. Kf1 Bd4 42. Bb4 f5 43. Bxb5 Be5 44. Bd7 g6 45. Bc5 Kh4 46.
Be7+ Kg3 47. Be8 g5 48. Bh5 Kh4 49. Bg6 1-0